000 00464nam a2200169Ia 4500
008 150121s9999 xx 000 0 und d
020 _a1655-1451
245 _aHARVEST /
_h[electronic resource]
260 _bBaliuag University,
_c2011.
516 _aElectronic text
650 _aEducation.
650 _aEngineering.
650 _aNursing.
830 _aPhilippine E-Journals
856 _uhttp://www.ejournals.ph/index.php?journal=HARVEST
942 _cEJ
999 _c277016
_d277016